Geography Quiz

Random Geography or City Quiz

10 to 1: US Cities V Quiz Stats

 Plays Quiz Updated Jul 7, 2017

Support Sporcle.
Go Orange.
Score 0/55 Timer 08:00
5 Plays Today
% Correct
Atlanta
97.4%
Augusta
89.8%
Savannah
89.3%
Jersey City
88.8%
Las Vegas
88.5%
Virginia Beach
88.3%
Atlantic City
88.1%
Seattle
87.5%
Reno
85.7%
Olympia
84.4%
Trenton
84.2%
Hartford
84%
Carson City
83.7%
Spokane
83.4%
Iowa City
83.4%
St. Louis
83.1%
Tacoma
82.7%
Kansas City
82.1%
Macon
82%
Norfolk
82%
Hoboken
81.9%
Alexandria
81%
Roanoke
80.1%
Jefferson City
79.8%
New Haven
79.3%
Princeton
79%
Chesapeake
78.1%
Sioux Falls
76.9%
% Correct
Charlottesville
75.6%
Lynchburg
75.4%
Alpharetta
74.3%
Blacksburg
72.7%
Wilmington
72.3%
Stamford
71.3%
Independence
71.3%
Cedar Rapids
70.8%
Joplin
69.5%
Bellevue
69%
Elizabeth
67.1%
Paterson
63.8%
Gainesville
63.6%
Sioux City
63.3%
Henderson
62.7%
Kennesaw
62%
Manassas
60.6%
Dubuque
59.2%
Rapid City
59%
Bellingham
56%
Columbia
55.8%
Sandy Springs
52.5%
Roswell
46.2%
Paradise
45.1%
Lodi
45%
Duluth
44.3%
O'Fallon
41%

You're not logged in!

Compare scores with friends on all Sporcle quizzes.
OR
Log In
Forgot?

From the Vault

'E' & 'F' Albums by 3 Singles

by ghcgh

Luckily we don't mean grades this time.
Remove Ads.
Support Sporcle.
Get the best of Sporcle when you Go Orange. This ad-free experience offers more features, more stats, and more fun while also helping to support Sporcle. Thank you for becoming a member.

Show Comments

Extras

Top Quizzes Today


Score Distribution

Your Account Isn't Verified!

In order to create a playlist on Sporcle, you need to verify the email address you used during registration. Go to your Sporcle Settings to finish the process.

Report this User

Report this user for behavior that violates our Community Guidelines.

Details: